000 01135cam a2200337 4500
001 ABS66466
008 030306n2003 000 0 eng u
035 _a(Sirsi) u121532
100 _aGilbertson, B.
245 4 _aThe issues facing the real estate profession
260 _c2003
490 _aRICS Business
_vJanuary 2003, 30-33(4)
490 _aRICS Business
_vFebruary 2003, 30-33(4)
520 _aTwo articles presenting responses from real estate experts from Africa, Australia, Brazil, Europe, Hong Kong, Southern Africa, UK and the USA to a "RICS Business" questionnaire on the key issues facing the real estate profession globally.
590 _aABS
650 _aREAL ESTATE INDUSTRY
650 _aPROFESSIONAL BODIES
650 _aPROFESSIONAL SKILLS
650 _aAFRICA
650 _aLIFELONG LEARNING
650 _aMERGERS
650 _aGLOBALIZATION
650 _aAUSTRALIA
650 _aBRAZIL
650 _aEUROPE
650 _aSOUTHERN AFRICA
650 _aUNITED STATES
650 _aPROFESSIONAL BODIES
690 _aMANAGEMENT-BUSINESS MANAGEMENT-PROFESSIONAL PRACTICE
942 _n0
999 _c72235
_d72235